| 000 | 00876nam a2200253Ia 4500 | ||
|---|---|---|---|
| 999 |
_c9144 _d9144 |
||
| 003 | GCL | ||
| 005 | 20240530095638.0 | ||
| 008 | 140319s9999 xx 000 0 ara d | ||
| 040 |
_aGCL / _cGCL |
||
| 082 | 0 | 4 |
_a327.117 _bل ا |
| 100 | 1 | _aرءوف عباس | |
| 245 | 1 | 0 |
_aالاسلام وازمة العصر : _bحرب مقدسة وارهاب غير مقدس / _cرءوف عباس |
| 250 | _aالاولى | ||
| 260 |
_aالقاهرة : _bالمجلس الاعلى للثقافة ، _c2004 |
||
| 300 |
_a174 ص ؛ _c24 سم |
||
| 490 |
_aالمشروع القومى للترجمة _v741 |
||
| 650 | 0 | 4 | _aالعلوم السياسية |
| 650 | 0 | 4 | _aالاسلام - دفع مطاعن |
| 650 | 0 | 4 | _aتوازن القوى |
| 650 | 0 | 4 | _aالقوى العظمى |
| 700 | 1 | _aلويس، برنارد | |
| 700 | 1 | _aاحمد محمد حسين هيكل | |
| 942 |
_2ddc _cBK |
||